| 000 | 01389cab a2200349 4500 | ||
|---|---|---|---|
| 001 | ABS59787 | ||
| 008 | 090401t1998 xxu||||| |||| 00| 0 eng d | ||
| 035 | _a(Sirsi) u90251 | ||
| 041 | _aeng | ||
| 100 | _aDeddis, B. | ||
| 245 | _aBarriers to data sharing in the surveying profession: implications for the commercial property market | ||
| 260 | _c1998 | ||
| 350 | _a0 | ||
| 490 |
_aJournal of Property Research _v15(4) December 1998, 331-346(16) |
||
| 520 | _aDiscussion on the absence of information arising from barriers to data which is constraining the property market. Reports on research into the concept of data sharing within the surveying profession. Issues addressed include technical, legal, competitive, commercial and other potential constraints. Implications for the structure of professional practice and the role of RICS are assessed. References. | ||
| 650 | _aPROPERTY-COMMERCIAL PROPERTY-COMMERCIAL PROPERTY MARKET | ||
| 650 | _aPROPERTY-COMMERCIAL PROPERTY | ||
| 650 | _aDATA BARRIERS | ||
| 650 | _aDATA SHARING | ||
| 650 | _aDATA TRANSPARENCY | ||
| 650 | _aINFORMATION SHARING | ||
| 650 | _aRICS | ||
| 650 | _aSURVEYING PROFESSION | ||
| 690 | _aCOMMERCIAL PROPERTY-MANAGEMENT | ||
| 700 | _aKeogh, G. | ||
| 700 | _aBerry, J. | ||
| 700 | _aAdair, A. | ||
| 700 | _aMcGreal, S. | ||
| 700 | _aKey, T. | ||
| 942 | _n0 | ||
| 948 | _c11/12/1998 | ||
| 999 |
_c57192 _d57192 |
||